Democracy and human rights : the case for U.S. leadership : hearing before the Subcommittee on Western Hemisphere, Transnational Crime, Civilian Security, Democracy, Human Rights, and Global Women's Issues of the Committee on Foreign Relations, United States Senate, One Hundred Fifteenth Congress, first session, February 16, 2017.

Bibliographic Details
Corporate Author: United States. Congress. Senate. Committee on Foreign Relations. Subcommittee on Western Hemisphere, Transnational Crime, Civilian Security, Democracy, Human Rights, and Global Women's Issues (Author)
Format: Government Document eBook
Language:English
Published: Washington : U.S. Government Publishing Office, 2020.
Series:S. hrg. ; 115-831
Subjects:
Online Access:https://purl.fdlp.gov/GPO/gpo141501

MARC

Tag First Indicator Second Indicator Subfields
LEADER 00000cam a2200000 i 4500
001 in00004337635
006 m o d f
007 cr |||||||||||
008 200717s2020 dcu o f000 0 eng c
005 20221217192039.7
024 8 |a 40-671  |q (GPO jacket number) 
035 |a (OCoLC)on1175586841 
040 |a GPO  |b eng  |e rda  |e pn  |c GPO  |d GPO  |d OCLCF  |d GPO  |d OCLCQ  |d OCLCO  |d GPO  |d MvI 
042 |a pcc 
043 |a a-cc---  |a e-ru---  |a nwcu--- 
049 |a WWW 
050 4 |a KF26  |b .F698 2017f 
074 |a 1039-C (online) 
086 0 |a Y 4.F 76/2:S.HRG.115-831 
110 1 |a United States.  |b Congress.  |b Senate.  |b Committee on Foreign Relations.  |b Subcommittee on Western Hemisphere, Transnational Crime, Civilian Security, Democracy, Human Rights, and Global Women's Issues,  |0 http://id.loc.gov/authorities/names/no2015155410  |e author. 
245 1 0 |a Democracy and human rights :  |b the case for U.S. leadership : hearing before the Subcommittee on Western Hemisphere, Transnational Crime, Civilian Security, Democracy, Human Rights, and Global Women's Issues of the Committee on Foreign Relations, United States Senate, One Hundred Fifteenth Congress, first session, February 16, 2017. 
264 1 |a Washington :  |b U.S. Government Publishing Office,  |c 2020. 
300 |a 1 online resource (iii, 55 pages). 
336 |a text  |b txt  |2 rdacontent 
337 |a computer  |b c  |2 rdamedia 
338 |a online resource  |b cr  |2 rdacarrier 
490 1 |a S. hrg. ;  |v 115-831 
500 |a Access ID (govinfo): CHRG-115shrg40671. 
500 |a GPO Cataloging Record Distribution Program (CRDP). 
518 |a Date of hearing: 2017-02-16. 
588 |a Description based on online resource; title from PDF title page (govinfo, viewed July 16, 2020). 
650 0 |a Authoritarianism  |0 http://id.loc.gov/authorities/subjects/sh85009788  |z China.  |0 http://id.loc.gov/authorities/names/n79091151 
650 0 |a Human rights  |0 http://id.loc.gov/authorities/subjects/sh85026379  |z Russia (Federation)  |0 http://id.loc.gov/authorities/names/n92056007 
650 0 |a Human rights  |0 http://id.loc.gov/authorities/subjects/sh85026379  |z Cuba.  |0 http://id.loc.gov/authorities/names/n79079435 
650 0 |a Democracy.  |0 http://id.loc.gov/authorities/subjects/sh85036647 
655 7 |a Legislative hearings.  |2 lcgft  |0 http://id.loc.gov/authorities/genreForms/gf2013025047 
776 0 8 |i Microfiche version:  |a United States. Congress. Senate. Committee on Foreign Relations. Subcommittee on Western Hemisphere, Transnational Crime, Civilian Security, Democracy, Human Rights, and Global Women's Issues.  |t Democracy and human rights  |w (OCoLC)1319040575 
776 0 8 |i Print version:  |a United States. Congress. Senate. Committee on Foreign Relations. Subcommittee on Western Hemisphere, Transnational Crime, Civilian Security, Democracy, Human Rights, and Global Women's Issues.  |t Democracy and human rights  |w (OCoLC)1180290606 
810 1 |a United States.  |b Congress.  |b Senate.  |t S. hrg. ;  |0 http://id.loc.gov/authorities/names/n83707917  |v 115-831. 
856 4 0 |u https://purl.fdlp.gov/GPO/gpo141501  |t 0 
999 f f |s 47e41053-b65a-49fa-8115-4b3cfd0c0b09  |i 8e892535-e0d9-3bbb-9f3b-e26cf5d4b077  |t 0 
952 f f |a Texas A&M University  |b College Station  |c Electronic Resources  |d Available Online  |t 0  |e Y 4.F 76/2:S.HRG.115-831  |h Superintendent of Documents classification 
998 f f |a Y 4.F 76/2:S.HRG.115-831  |t 0  |l Available Online